000
00332 a2200157 4500
001
160659
020
_a
040
_c
Magnum
100
_a
Padilla, Gilda Figueiredo
240
1
0
_a
Ciranda de sonhos
_l
por
245
1
0
_a
Ciranda de sonhos
362
0
_a
1899
440
1
_a
Ao Livro Técnico
697
_a
IJ/CONTOS
942
_c
BK
999
_c
160659
_d
160659